Hāta bār̥ālei bandhu. (Record no. 54832)

MARC details
000 -LEADER
fixed length control field 00607cam a22002291 4500
001 - CONTROL NUMBER
control field sa 63002990
003 - CONTROL NUMBER IDENTIFIER
control field DLC
005 - DATE AND TIME OF LATEST TRANSACTION
control field 20260227111938.0
008 - FIXED-LENGTH DATA ELEMENTS--GENERAL INFORMATION
fixed length control field 890505s1962 ii 000 0 beno
010 ## - LIBRARY OF CONGRESS CONTROL NUMBER
LC control number sa 63002990
035 ## - SYSTEM CONTROL NUMBER
System control number (OCoLC)19660502
040 ## - CATALOGING SOURCE
Original cataloging agency DLC
Transcribing agency WaU
Modifying agency DLC
042 ## - AUTHENTICATION CODE
Authentication code premarc
050 00 - LIBRARY OF CONGRESS CALL NUMBER
Classification number PK1718.M5
Item number H3
100 1# - MAIN ENTRY--PERSONAL NAME
Personal name Mitra, Premendra.
245 10 - TITLE STATEMENT
Title Hāta bār̥ālei bandhu.
260 ## - PUBLICATION, DISTRIBUTION, ETC.
Date of publication, distribution, etc. [1962]
300 ## - PHYSICAL DESCRIPTION
Extent 161 p.
Dimensions 23 cm.
500 ## - GENERAL NOTE
General note In Bengali.
500 ## - GENERAL NOTE
General note Screenplay of a motion picture with the same title.
630 00 - SUBJECT ADDED ENTRY--UNIFORM TITLE
Uniform title Hāta bār̥ālei bandhu (Motion picture)

No items available.

Powered by Koha